[Event "NED-ch U18"]
[Site "Almelo"]
[Date "2023.05.03"]
[Round "4"]
[White "Boeren, Jurriaan"]
[Black "Groen, Jari"]
[Result "1/2-1/2"]
[WhiteElo "1979"]
[BlackElo "2028"]
[PlyCount "83"]
[EventDate "2023.04.30"]
[EventType "swiss"]
[EventRounds "7"]
[EventCountry "NED"]
[SourceTitle "CBM 214 Extra"]
[Source "ChessBase"]
[SourceDate "2023.07.31"]
[SourceVersion "1"]
[SourceVersionDate "2023.07.31"]
[SourceQuality "1"]

1. e4 c5 2. Nf3 d6 3. Bb5+ Nd7 4. c3 Ngf6 5. Qe2 e5 6. d4 Qc7 7. 0-0 Be7 8. d5 0-0 9. a4 a6 10. Bd3 Re8 11. Nbd2 Nf8 12. h3 Ng6 13. Nc4 Bd8 14. Nh2 Rb8 15. a5 Qe7 16. Re1 Bd7 17. Bg5 h6 18. Be3 Bb5 19. Nd2 Bd7 20. Nhf1 Nh7 21. Ng3 Qf6 22. Nc4 Bc7 23. b4 cxb4 24. cxb4 Nf4 25. Bxf4 Qxf4 26. Bc2 Bb5 27. Ba4 Bxa4 28. Rxa4 g6 29. Ra3 Qf6 30. Rc3 Rec8 31. Qg4 Bd8 32. Rec1 b5 33. axb6 Bxb6 34. Nxb6 Rxc3 35. Rxc3 Rxb6 36. Rc8+ Nf8 37. Nf5 h5 38. Qg3 Rxb4 39. Nh6+ Kg7 40. Nf5+ Kg8 41. Nh6+ Kg7 42. Nf5+ 1/2-1/2

[Event "Vlissingen HZ op 24th"]
[Site "Vlissingen"]
[Date "2022.08.13"]
[Round "9"]
[White "Groen, Jari"]
[Black "Lacrosse, Marc"]
[Result "1/2-1/2"]
[WhiteElo "1800"]
[BlackElo "2023"]
[PlyCount "90"]
[EventDate "2022.08.06"]
[EventType "swiss"]
[EventRounds "9"]
[EventCountry "NED"]
[SourceTitle "CBM 209 Extra"]
[Source "ChessBase"]
[SourceDate "2022.09.30"]
[SourceVersion "1"]
[SourceVersionDate "2022.09.30"]
[SourceQuality "1"]

1. e4 e5 2. Nf3 Nc6 3. Bb5 a6 4. Ba4 Nf6 5. 0-0 Nxe4 6. d4 Be7 7. Re1 b5 8. Rxe4 d5 9. Nxe5 Nxe5 10. Rxe5 bxa4 11. Qe2 Be6 12. f4 Kf8 13. f5 Bd7 14. b3 Bd6 15. Rxd5 Bc6 16. Rxd6 cxd6 17. Ba3 Qf6 18. Qe5 Rd8 19. Nc3 Qg5 20. d5 Kg8 21. Bxd6 Re8 22. Qd4 Bd7 23. Nxa4 h5 24. Qf4 Qf6 25. Rf1 Rh6 26. Ba3 Bxa4 27. Qxa4 Re2 28. Qc4 Qe5 29. Bb2 Qe3+ 30. Kh1 Qd2 31. Qd4 Qxd4 32. Bxd4 Rxc2 33. Be3 Rd6 34. Rd1 Rxa2 35. Bc5 Rd7 36. d6 Rc2 37. b4 a5 38. h3 axb4 39. Bxb4 Rc4 40. Ba3 Ra4 41. Rd3 f6 42. Kh2 Kf7 43. Kg3 g5 44. fxg6+ Kxg6 45. Kf3 Rxa3 1/2-1/2

[Event "Vlissingen HZ op 24th"]
[Site "Vlissingen"]
[Date "2022.08.07"]
[Round "2"]
[White "Honkoop, Gilian"]
[Black "Groen, Jari"]
[Result "1/2-1/2"]
[WhiteElo "2184"]
[BlackElo "1800"]
[PlyCount "177"]
[EventDate "2022.08.06"]
[EventType "swiss"]
[EventRounds "9"]
[EventCountry "NED"]
[SourceTitle "CBM 209 Extra"]
[Source "ChessBase"]
[SourceDate "2022.09.30"]
[SourceVersion "1"]
[SourceVersionDate "2022.09.30"]
[SourceQuality "1"]

1. d4 d5 2. Nf3 Nf6 3. c4 e6 4. g3 c5 5. cxd5 exd5 6. Bg2 Nc6 7. 0-0 Bd6 8. Nc3 h6 9. b3 0-0 10. Bb2 Bf5 11. Rc1 Qa5 12. dxc5 Bxc5 13. a3 Qd8 14. b4 Bb6 15. Na4 Ne4 16. Nxb6 axb6 17. Qb3 Be6 18. Rfd1 b5 19. Nd4 Nxd4 20. Rxd4 Rc8 21. Rcd1 Qb6 22. Qe3 Nf6 23. Qd2 Qc6 24. Rh4 Qc2 25. Qxc2 Rxc2 26. Bxf6 gxf6 27. Bxd5 Rxe2 28. Bxe6 fxe6 29. Rg4+ Kh8 30. Rd7 Rg8 31. Rxg8+ Kxg8 32. Rxb7 Ra2 33. Rxb5 Rxa3 34. Rb7 Rb3 35. b5 e5 36. b6 Rb1+ 37. Kg2 Rb4 38. Rb8+ Kg7 39. b7 Kh7 40. Kf3 Kg7 41. h4 Rb1 42. h5 Rb4 43. g4 Rf4+ 44. Ke3 Rb4 45. Kd3 Rb1 46. Kc4 Rc1+ 47. Kd5 Rb1 48. Ke6 Rb6+ 49. Ke7 e4 50. Kd7 Rb1 51. Kc6 Rc1+ 52. Kd5 Rb1 53. Kxe4 Rb2 54. Kd4 Rb1 55. f4 Rd1+ 56. Ke4 Rb1 57. Kd5 Rb2 58. Kd6 Rd2+ 59. Ke6 Re2+ 60. Kf5 Rb2 61. g5 Rb5+ 62. Ke4 hxg5 63. h6+ Kh7 64. f5 Re5+ 65. Kd4 Rb5 66. Rf8 Rxb7 67. Rxf6 g4 68. Ke3 Rb4 69. Rg6 g3 70. Kf3 g2 71. Kxg2 Rf4 72. Rf6 Rh4 73. Kg3 Rxh6 74. Rf7+ Kg8 75. Ra7 Kf8 76. Kg4 Rb6 77. Kg5 Rc6 78. Rh7 Ra6 79. Rb7 Rc6 80. Ra7 Rb6 81. Ra5 Rc6 82. Ra4 Rb6 83. Rg4 Kf7 84. Kh5 Ra6 85. Kg5 Rb6 86. Rc4 Ra6 87. Rc7+ Kf8 88. f6 Ra1 89. Kf5 1/2-1/2

[Event "NED-ch U16"]
[Site "Almelo"]
[Date "2022.05.07"]
[Round "7"]
[White "Groen, Jari"]
[Black "Van der Hagen, Loek"]
[Result "0-1"]
[WhiteElo "1750"]
[BlackElo "2071"]
[PlyCount "74"]
[EventDate "2022.05.01"]
[EventType "swiss"]
[EventRounds "9"]
[EventCountry "NED"]
[SourceTitle "EXT 2023"]
[Source "ChessBase"]
[SourceDate "2022.10.05"]
[SourceVersion "1"]
[SourceVersionDate "2022.10.05"]
[SourceQuality "1"]

1. e4 c5 2. c4 Nc6 3. Ne2 Qb6 4. Nbc3 g6 5. d3 Bg7 6. g3 d6 7. Bg2 Nf6 8. 0-0 0-0 9. f4 Bg4 10. h3 Bxe2 11. Nxe2 Ne8 12. Rb1 Nc7 13. Be3 Qa5 14. a3 Ne6 15. f5 Ned4 16. g4 Nxe2+ 17. Qxe2 Bd4 18. g5 Rab8 19. f6 b5 20. Bxd4 Nxd4 21. Qf2 exf6 22. gxf6 bxc4 23. dxc4 Rb3 24. Rbd1 h5 25. Qh4 Kh7 26. e5 dxe5 27. Be4 Kh6 28. Kh1 g5 29. Qf2 Rxh3+ 30. Kg2 Rh4 31. Rxd4 exd4 32. Qf5 Rxe4 33. Qxe4 Qd2+ 34. Rf2 Qe3 35. Qb7 g4 36. Qxa7 Re8 37. Qxf7 Qh3+ 0-1

[Event "NED-ch U16"]
[Site "Almelo"]
[Date "2022.05.04"]
[Round "4"]
[White "Bakija, Alan"]
[Black "Groen, Jari"]
[Result "1/2-1/2"]
[WhiteElo "1868"]
[BlackElo "1750"]
[PlyCount "111"]
[EventDate "2022.05.01"]
[EventType "swiss"]
[EventRounds "9"]
[EventCountry "NED"]
[SourceTitle "EXT 2023"]
[Source "ChessBase"]
[SourceDate "2022.10.05"]
[SourceVersion "1"]
[SourceVersionDate "2022.10.05"]
[SourceQuality "1"]

1. Nf3 e6 2. c4 d5 3. e3 Nf6 4. b3 c5 5. cxd5 exd5 6. d4 a6 7. Bb2 Nc6 8. Nc3 Be7 9. a3 0-0 10. dxc5 Bxc5 11. Ne2 Bg4 12. Ned4 Ne4 13. Be2 Qa5+ 14. Kf1 Bd6 15. Nxc6 bxc6 16. b4 Qc7 17. Rc1 Bd7 18. Qd4 f6 19. h3 Qb7 20. g4 Rae8 21. Ba1 Be5 22. Qd3 Bc8 23. Kg2 Qd7 24. Nd2 Bxa1 25. Rxa1 f5 26. f3 Nxd2 27. Qxd2 Qe7 28. Kf2 fxg4 29. hxg4 Bxg4 30. Rag1 Qe4 31. f4 Bxe2 32. Kxe2 d4 33. Qa2+ Rf7 34. Rh3 dxe3 35. Rhg3 g6 36. Rf3 Kf8 37. Rgg3 Qd5 38. Qb2 Qc4+ 39. Ke1 Kg8 40. f5 Qd5 41. fxg6 Qd2+ 42. Qxd2 exd2+ 43. Kxd2 Rxf3 44. gxh7+ Kxh7 45. Rxf3 Kg6 46. Kc3 Re5 47. Kb3 c5 48. Ka4 cxb4 49. Kxb4 Rd5 50. Rc3 Kf7 51. Rc6 a5+ 52. Ka4 Ke7 53. Ra6 Kd7 54. Rxa5 Rxa5+ 55. Kxa5 Kc8 56. Ka6 1/2-1/2